000 00356cam a2200145ua 4500
003 OSt
008 250130b |||||||| |||| 00| 0 eng d
041 _aeng
082 _a621.301
_bTHE/WO
100 _aTheraja, B L .
245 _aWorked examples in Electrical Technology /
260 _a :
_bNiraj Prakashan ,
_c1961.
300 _a312 ; .
942 _cBK
999 _c3395
_d3395